Catálogo público

Reseña de la visita efectuada por los señores Lic. Luis Echeverría Álvarez, presidente constitucional de los Estados Unidos Mexicanos, y Sr. Manuel Bernardo Aguirre, secretario de Agricultura y Ganadería, a la Comisión Nacional de Fruticultura y a la escuela de la CONAFRUT, el día 13 de diciembre de 1971 / (Record no. 172577)

MARC details
000 -CABECERA
campo de control de longitud fija 01297nam a2200289Ia 4500
001 - NÚMERO DE CONTROL
campo de control dia_2039
003 - IDENTIFICADOR DEL NÚMERO DE CONTROL
campo de control CHAP
005 - FECHA Y HORA DE LA ÚLTIMA TRANSACCIÓN
campo de control 20251027152753.0
008 - DATOS DE LONGITUD FIJA--INFORMACIÓN GENERAL
campo de control de longitud fija 220117s1972 xx 000 0 und d
010 ## - NÚMERO DE CONTROL DE LA BIBLIOTECA DEL CONGRESO
Número de control de LC 172577
040 ## - FUENTE DE LA CATALOGACIÓN
Centro/agencia transcriptor CHAP
082 ## - NÚMERO DE LA CLASIFICACIÓN DECIMAL DEWEY
Número de clasificación 630.71972 R47 1972
110 ## - ENTRADA PRINCIPAL--NOMBRE DE ENTIDAD CORPORATIVA
Nombre de entidad corporativa o nombre de jurisdicción como elemento de entrada México. Comisión Nacional de Fruticultura
9 (RLIN) 152135
245 ## - MENCIÓN DE TÍTULO
Título Reseña de la visita efectuada por los señores Lic. Luis Echeverría Álvarez, presidente constitucional de los Estados Unidos Mexicanos, y Sr. Manuel Bernardo Aguirre, secretario de Agricultura y Ganadería, a la Comisión Nacional de Fruticultura y a la escuela de la CONAFRUT, el día 13 de diciembre de 1971 /
Mención de responsabilidad, etc. Comisión Nacional de Fruticultura
260 ## - PUBLICACIÓN, DISTRIBUCIÓN, ETC.
Lugar de publicación, distribución, etc. México :
Nombre del editor, distribuidor, etc. Comisión Nacional de Fruticultura,
Fecha de publicación, distribución, etc. 1972
300 ## - DESCRIPCIÓN FÍSICA
Extensión 128 p.
590 ## - NOTA LOCAL (RLIN)
Nota local S535.M4 R47 1972
650 #0 - PUNTO DE ACCESO ADICIONAL DE MATERIA--TÉRMINO DE MATERIA
Término de materia o nombre geográfico como elemento de entrada Agricultural education
Subdivisión geográfica Mexico
9 (RLIN) 150107
650 ## - PUNTO DE ACCESO ADICIONAL DE MATERIA--TÉRMINO DE MATERIA
Término de materia o nombre geográfico como elemento de entrada Cultivo de frutas
Subdivisión general Aspectos económicos
-- México
9 (RLIN) 152136
650 ## - PUNTO DE ACCESO ADICIONAL DE MATERIA--TÉRMINO DE MATERIA
Término de materia o nombre geográfico como elemento de entrada Educación agrícola
Subdivisión general México
9 (RLIN) 137279
650 ## - PUNTO DE ACCESO ADICIONAL DE MATERIA--TÉRMINO DE MATERIA
Término de materia o nombre geográfico como elemento de entrada Fruit growing
Subdivisión general Economical aspects
-- Mexico
9 (RLIN) 152137
710 ## - PUNTO DE ACCESO ADICIONAL--NOMBRE DE ENTIDAD CORPORATIVA
Nombre de entidad corporativa o nombre de jurisdicción como elemento de entrada Comisión Nacional de Fruticultura (México)
9 (RLIN) 25772
901 ## - ELEMENTOS DE DATOS A LOCAL LDA (RLIN)
a 630.71972 R47 1972
902 ## - ELEMENTOS DE DATOS B LOCAL, LDB (RLIN)
a M
905 ## - ELEMENTOS DE DATOS E LOCAL, LDE (RLIN)
a 5232271972 mx d 8225223322spa16
942 ## - ELEMENTOS DE PUNTO DE ACCESO ADICIONAL (KOHA)
Tipo de ítem Koha Libro
Fuente del sistema de clasificación o colocación Dewey Decimal Classification
Holdings
Estado de retiro Estado de pérdida Fuente del sistema de clasificación o colocación Estado dañado No para préstamo Código de colección Localización permanente Ubicación/localización actual Ubicación en estantería Fecha de adquisición Información codificada de la localización en otra ubicación Total de préstamos Código de barras Fecha visto por última vez Número de copia Precio válido a partir de Tipo de ítem Koha
    Dewey Decimal Classification     General Ingenieria Agroindustrial Ingenieria Agroindustrial   18/01/2022 1   dia_000534 18/01/2022 2 18/01/2022 Libro
    Dewey Decimal Classification     General Ingenieria Agroindustrial Ingenieria Agroindustrial   18/01/2022 1   dia_001500 18/01/2022 3 18/01/2022 Libro
    Dewey Decimal Classification     General Ingenieria Agroindustrial Ingenieria Agroindustrial   18/01/2022 1   dia_000533 18/01/2022 1 18/01/2022 Libro